Society in Focus : (Record no. 16131)
[ view plain ]
| 000 -LEADER | |
|---|---|
| fixed length control field | 01497cam a2200349 a 4500 |
| 001 - CONTROL NUMBER | |
| control field | 16085571 |
| 005 - DATE AND TIME OF LATEST TRANSACTION | |
| control field | 20101020175636.0 |
| 008 - FIXED-LENGTH DATA ELEMENTS--GENERAL INFORMATION | |
| fixed length control field | 100204s2011 mauab b 001 0 eng |
| 010 ## - LIBRARY OF CONGRESS CONTROL NUMBER | |
| LC control number | 2010004283 |
| 015 ## - NATIONAL BIBLIOGRAPHY NUMBER | |
| National bibliography number | GBB039165 |
| Source | bnb |
| 016 7# - NATIONAL BIBLIOGRAPHIC AGENCY CONTROL NUMBER | |
| Record control number | 015510641 |
| Source | Uk |
| 020 ## - INTERNATIONAL STANDARD BOOK NUMBER | |
| International Standard Book Number | 0205665748 |
| 020 ## - INTERNATIONAL STANDARD BOOK NUMBER | |
| International Standard Book Number | 9780205665747 |
| 035 ## - SYSTEM CONTROL NUMBER | |
| System control number | (OCoLC)ocn504279719 |
| 040 ## - CATALOGING SOURCE | |
| Original cataloging agency | DLC |
| Transcribing agency | DLC |
| Modifying agency | YDX |
| -- | YDXCP |
| -- | UKM |
| -- | DLC |
| 050 00 - LIBRARY OF CONGRESS CALL NUMBER | |
| Classification number | HM586 |
| Item number | .T47 2011 |
| 082 00 - DEWEY DECIMAL CLASSIFICATION NUMBER | |
| Classification number | 301 |
| Edition number | 22 |
| Item number | THO |
| 100 1# - MAIN ENTRY--PERSONAL NAME | |
| Personal name | Thompson, William E. |
| Fuller form of name | (William Edwin), |
| Dates associated with a name | 1950- |
| 9 (RLIN) | 27493 |
| 245 10 - TITLE STATEMENT | |
| Title | Society in Focus : |
| Remainder of title | An Introduction to Sociology / |
| Statement of responsibility, etc | William E. Thompson, Joseph V. Hickey. |
| 250 ## - EDITION STATEMENT | |
| Edition statement | 7th ed. |
| 260 ## - PUBLICATION, DISTRIBUTION, ETC. (IMPRINT) | |
| Place of publication, distribution, etc | Boston : |
| Name of publisher, distributor, etc | Allyn & Bacon, 2011 |
| Date of publication, distribution, etc | c2011. |
| 300 ## - PHYSICAL DESCRIPTION | |
| Extent | xxii, 647 p. : |
| Other physical details | ill. (chiefly col.), col. maps ; |
| Dimensions | 28 cm. |
| 504 ## - BIBLIOGRAPHY, ETC. NOTE | |
| Bibliography, etc | Includes bibliographical references and indexes. |
| 505 0# - FORMATTED CONTENTS NOTE | |
| Formatted contents note | Discovering sociology -- Doing sociology -- Society and culture -- Socialization -- Social interaction in everyday life. |
| 650 #0 - SUBJECT ADDED ENTRY--TOPICAL TERM | |
| Topical term or geographic name as entry element | Sociology. |
| 9 (RLIN) | 27494 |
| 653 ## - INDEX TERM--UNCONTROLLED | |
| Resource For college | |
| Arrived date list | October2011 |
| 700 1# - ADDED ENTRY--PERSONAL NAME | |
| Personal name | Hickey, Joseph V. |
| 9 (RLIN) | 27495 |
| 942 ## - ADDED ENTRY ELEMENTS (KOHA) | |
| Source of classification or shelving scheme | Dewey Decimal Classification |
| Item type | Book - Borrowing |
| Withdrawn status | Item status | Source of classification or shelving scheme | Damaged status | Not for loan | Vendor | Home library | Current library | Shelving location | Date acquired | Source of acquisition | Total Checkouts | Total Renewals | Full call number | Barcode | Date last seen | Date last borrowed | Koha item type |
|---|---|---|---|---|---|---|---|---|---|---|---|---|---|---|---|---|---|
| Dewey Decimal Classification | Baccah | Central Library | Central Library | First floor | 10/10/2011 | 18 | 5 | 301 THO | 000025324 | 15/07/2025 | 12/07/2017 | Book - Borrowing | |||||
| Dewey Decimal Classification | Baccah | Central Library | Central Library | First floor | 10/10/2011 | 19 | 7 | 301 THO | 000025325 | 15/07/2025 | 26/11/2018 | Book - Borrowing |